Projecting sound pictures ; a practical textbook for projectionists and managers /

Bibliographic Details
Main Author: Nadell, Aaron
Format: Book
Language:English
Published: New York, London : McGraw-Hill book company, inc., 1931.
Edition:1st ed.
Subjects:

MARC

Tag First Indicator Second Indicator Subfields
LEADER 00000cam a2200000 4500
001 in00000023200
005 20151007064326.0
008 771031s1931 nyua 00010 eng
010 |a  31024514  
035 |a (OCoLC)03380759 
035 |9 AAD9577AM 
040 |a DLC  |c OUN  |d TXA  |d UtOrBLW 
049 |a TXAM  |c [101728] 
050 0 |a PN1995.7  |b .N3 
092 |a 778  |b N134p 
100 1 |a Nadell, Aaron. 
245 1 0 |a Projecting sound pictures ;  |b a practical textbook for projectionists and managers /  |c by Aaron Nadell. 
250 |a 1st ed. 
264 1 |a New York,  |a London :  |b McGraw-Hill book company, inc.,  |c 1931. 
300 |a xii, 265 pages including frontispiece, illustrations, diagrams ;  |c 24 cm. 
336 |a text  |b txt  |2 rdacontent 
337 |a unmediated  |b n  |2 rdamedia 
338 |a volume  |b nc  |2 rdacarrier 
650 0 |a Sound motion pictures. 
650 0 |a Sound  |x Equipment and supplies. 
999 |a MARS 
999 f f |s 7c79ac1f-219f-3497-a832-cd03a72fe603  |i f2a916ed-438a-38be-9faa-f5d03f5832b9  |t 0 
952 f f |p ric  |a Texas A&M University  |b Rellis Campus  |c Joint Library Facility  |d Remote Storage  |t 0  |e PN1995.7 .N3  |h Library of Congress classification  |i unmediated -- volume  |m A14801161327 
998 f f |a PN1995.7 .N3  |t 0  |l Remote Storage